Country Quiz on a Map - Egypt - Statistics

General Stats
  • This quiz has been taken 4,990 times
    4,985 since last reset
  • The average score is 15 of 37
Answers on the Map
Answers color-coded by a green-red scale on the quiz's map according to % correct below.
 
Answer Stats
Answers % Correct
9,801,536 Cairo
99%
5,362,517 Alexandria
95%
Nile
87%
Red Sea
86%
Mediterranean Sea
84%
Peninsula and only part of Egypt located in Asia Sinai
84%
"World's greatest open-air museum" Luxor
77%
4,458,135 Giza
76%
Sahara
74%
Israel
73%
Libya
73%
Sudan
73%
Oldest known monumental sculpture in Egypt, depicting a mythical creature Great Sphinx
68%
Gulf of Suez
67%
791,749 Port Said
38%
Gulf of Aqaba
32%
1942: Decisive Allied victory in the WWII Western Desert Campaign Second Battle of El Alamein
31%
Lake Nasser
29%
Aswan: The cruise in this Agatha Christie novel begins there Death on the Nile
28%
Valley of the Kings: This pharaoh, also referred to as Ozymandias, was buried there Ramesses II
27%
Kafr-el-Meselha: This president of Egypt from 1981 to 2011 was born there Hosni Mubarak
25%
Resort city on Egypt's east coast Hurghada
23%
Town known as the "City of Peace" for its conferences Sharm El Sheikh
23%
Temples dismantled and then reassembled after the construction of the Aswan High Dam Abu Simbel Temples
19%
Damietta: This ruler, founder of the Ayyubid dynasty, defended this city during the Crusades Saladin
18%
Western major oasis in Egypt Siwa Oasis
17%
Disputed region between Egypt and Sudan Halaib Triangle
15%
Governorate developed around the oasis of the same name Faiyum
12%
Temple complex including the Precinct of Amun-Re, the Precinct of Mut, and the Precinct of Montu Karnak Temple Complex
11%
City known as Lycopolis by the Greeks Asyut
10%
Mount Catherine
8%
Hub of the cotton-ginning industry Tanta
7%
1,275,700 Shubra el-Kheima
6%
Wadi named after the numerous fossils found there Wadi al Hitan
4%
525 BC: Egyptian defeat that marked the beginning of the Persian domination Battle of Pelusium
3%
Saqqara: This sculpture of a "Squatting Writer" was discovered there in 1850 The Seated Scribe
3%
Thebes: One of the earliest copies of this popular Ancient Egyptian tale was found at this site Story of Sinuhe
2%
No matching quizzes found
Score Distribution
Percent of People with Each Score
Percentile by Number Answered
Your Score History
You have not taken this quiz since the last reset